000 00871nam a2200193 4500
001 7855
005 20181127184514.0
020 0 0 _a9789291154500
100 0 0 _aRai, Rajesh K.
245 0 0 _aCosts and benefits of reducing deforestation and forest degradation in Nepal /
_b
_cRajesh K Rai, Mani Nepal, Bhaskar Singh Karky, E Somanathan, Niroj Timalsina, Madan S Khadayat, Nabin Bhattarai.
_h
260 0 0 _aKathmandu :
_bInternational Centre for Integrated Mountain Development (ICIMOD),
_c2017.
300 0 0 _axii, 27 p ; 30 cm.
500 0 0 _aICIMOD Working Paper; 2017/5
504 _aIncludes bibliographic references.
650 _aReducing Emissions from Deforestation and Forest Degradation (Program)
_v
_x
_y
_z
_2
650 0 0 _aDeforestation -- Control -- Nepal.
_x
650 0 0 _aForests and forestry -- Economic aspects -- Nepal.
_x
999 _c6742
_d6742